| 000 | 00758nam a2200229 a 4500 | ||
|---|---|---|---|
| 001 | 13688 | ||
| 003 | BD-JhCC | ||
| 005 | 20240313213041.0 | ||
| 008 | 240313b 2017u |||| ||a| 001 0 eng d | ||
| 020 | _a 9781549167768 | ||
| 035 | _a(BD-JhCC)13688 | ||
| 040 |
_aBD-JhCC _dBD-JhCC |
||
| 041 | _aeng | ||
| 082 |
_a937.05 _bMike Duncan |
||
| 100 | _a Duncan, Mike | ||
| 245 |
_aFront cover image for The storm before the storm : the beginning of the end of the Roman Republic The storm before the storm : the beginning of the end of the Roman Republic / _bMike Duncan |
||
| 260 |
_aNew york: _bPublic Affairs; _c2017. |
||
| 300 |
_a431 p.: _c22 cm. |
||
| 650 |
_aHISTORY Ancient Rome _vRome History Republic, 265-30 B.C |
||
| 942 |
_2ddc _cBK |
||
| 999 |
_c13688 _d13688 |
||